Killer differentiators : 13 strategies to grow your brand.
| Main Author: | |
|---|---|
| Other Authors: | |
| Format: | Book |
| Published: |
Singapore:
Marshall Cavendish International(Asia),
2008.
|
| Subjects: |
| LEADER | 00518cam a2200169 7i4500 | ||
|---|---|---|---|
| 001 | 0000022612 | ||
| 005 | 20090422090000.0 | ||
| 020 | 0 | 0 | |a 978-981-261-570-1 |
| 090 | 0 | 0 | |a B 658.827 |b TAI |
| 100 | 1 | 0 | |a Tai |
| 245 | 1 | 0 | |a Killer differentiators : |b 13 strategies to grow your brand. |
| 260 | 0 | 0 | |a Singapore: |b Marshall Cavendish International(Asia), |c 2008. |
| 300 | # | # | |a 342 p. |
| 650 | 0 | 0 | |a Brand name products |
| 650 | 0 | 0 | |a Branding (Marketing) |
| 700 | 1 | 1 | |a Chew, |h Wilson |
| 999 | |a 0000022178 |b Book |c Book |e Business Information Centre | ||


